00877nam a2200217 i 4500001000300000245016500003260003400168300004200202500006300244650002700307650002900334655002900363710003800392710003100430020001500461040000800476041000700484080002900491008004100520856009800561bg00aMateriały I Kongresu Polskiego Towarzystwa Próżniowego :bKraków 25-27 maja 1998 /c[org. Polskie Towarzystwo Próżniowe, Uniwersytet Jagielloński]. aKraków :bWydaw. UJ,c1998. a444 s. :bfot., rys., wykr. ;c24 cm. aW setną rocznicę urodzin prof. Janusza Groszkowskiego. 9aTechnika próżniowa 9aInżynieria powierzchni aMateriały konferencyjne 0aPolskie Towarzystwo Próżniowe 0aUniwersytet Jagielloński a8323311986 cBPK0 apl a621.791/.795:533.5](061) s pl f |000 0 pol  uhttp://koha.tu.koszalin.pl/cgi-bin/koha/opac-detail.pl?biblionumber=34089yKatalog online BPK